00504nam a2200193Ia 4500003000400000005001700004008004100021020001500062040000700077041000800084082002000092100002800112245005600140260004300196300001500239365001300254650002300267650002000290OSt20230403091113.0210423s2005 xx 000 0 und d a8122901913 cAL aeng a302.23 BOOK223 aBOONE (Kristina);others aAgricultural communications: changes and challenges aNew DelhibSurjeeth Publicationsc2005 aix,134bPB b195cINR aSocial Interaction aSocial Sciences